Comités de defensa de la revolución: participación y desarrollo
Uloženo v:
| Hlavní autor: | |
|---|---|
| Médium: | Text |
| Vydáno: |
Habana:
Universidad de la Habana. Centro de Investigación de Economía Internacional
|
| Tagy: |
Přidat tag
Žádné tagy, Buďte první, kdo vytvoří štítek k tomuto záznamu!
|
MARC
| LEADER | 00000 a a2200000 04500 | ||
|---|---|---|---|
| 001 | 22279 | ||
| 003 | |||
| 040 | |||
| 090 | |a 151400 | ||
| 100 | |a Bell Lara, José | ||
| 245 | |a Comités de defensa de la revolución: participación y desarrollo | ||
| 260 | |a Habana: |b Universidad de la Habana. Centro de Investigación de Economía Internacional | ||
| 300 | |a 34 p | ||
| 999 | |c 14233 |d 14233 | ||
